00830nam a2200181 a 450000100060000000300090000600800410001502000150005604000280007108200200009910000340011924500620015326000630021530000110027850502820028965000340057165000430060517054CO-ViMGA141112s2004 ck r 000 u spa d a9586553272 aCO-ViMGAbspacCO-ViMGA04a306.85861 G874e1 aGutierrez de Pineda, Virginia10aEstructura , función y cambio de la familia en Colombia aMedellín (Antioquia), cUniversidad de Antioquia, c1999 a712.p. aEstructura institucional Ego Masculino Ego Femenino Educación Religiosidad Etnicidad y raza Estratificación social Familia extensa Tipologías de las familias Comunicación familiar Satisfacción marital Autoridad familiar Función reproductiva Socialización y Status14aFAMILIA - ASPECTOS RELIGIOSOS14aFAMILIA - ASPECTOS SOCIALES - COLOMBIA